[Event "Silkway Cup"]
[Site "T#646345FIDE"]
[Date "2020.05.26"]
[Round "5"]
[White "Durarbeyli Vasif"]
[Black "Rasulov Vugar"]
[Result "0-1"]
[WhiteElo "2803"]
[BlackElo "2009"]
[Annotator "TA"]
[PlyCount "98"]
[EventDate "2020.05.26"]
[EventType "swiss (blitz)"]

{[%evp 9,98,-1,12,20,29,30,34,17,23,1,3,0,58,25,47,38,59,16,22,0,0,-17,0,-37,0,0,35,36,37,14,0,0,45,32,27,8,22,0,66,46,67,73,66,92,168,86,226,171,374,172,181,155,150,120,121,116,134,0,0,0,0,0,0,0,9,10,23,0,0,0,0,0,0,0,0,-248,-248,-249,-248,-227,0,-832,-800,-806,-806,-29977,-29976,-29974,-29976,-29960,-12519]} 1. e4 c5 2. b3 d6 3. Bb2 Nf6 4. Bb5+ Bd7 5. Bxd7+ Nbxd7 6. Qe2 {B20: Sicilian: Unusual White 2nd moves.} g6 7. f4 {Black must now prevent e5.} Bg7 8. Nf3 {White is slightly better.} O-O 9. O-O {[#]} e5 $1 {[%mdl 512]} 10. fxe5 Nh5 {[#]} (10... Ng4 $11) 11. Qe3 $146 ({Predecessor:} 11. Na3 Nxe5 12. Nxe5 Bxe5 13. Nc4 Bxb2 14. Nxb2 d5 15. Nd3 c4 16. Nf4 Nxf4 17. Rxf4 {1-0 (32) Zak,U (2341)-Kreizberg,M (2239) Ramat Aviv 2000}) 11... Nxe5 12. Nxe5 dxe5 13. d3 Nf4 14. Nd2 {[%cal Bb1d2,Bd2c4,Bc4e3,Be3d5][%mdl 32]} (14. Nc3 {looks sharper.} b6 15. Rae1 Qd7 16. g3 Nh3+ 17. Kg2) 14... Ne6 15. Nc4 Nd4 16. Qf2 b5 17. Ne3 Ne6 18. a4 $36 {[%mdl 2048] White is more active.} a6 19. Nd5 f5 20. Qe2 f4 21. Qg4 Qd6 22. h4 b4 23. h5 gxh5 (23... g5 $11) 24. Qxh5 $14 Nc7 25. Nxc7 Qxc7 26. Rf3 $1 Bf6 (26... Rf7 $16) 27. Kf2 (27. g3 $1 $18) 27... Kh8 (27... c4 $16 28. bxc4 Rab8) 28. Rh1 Rg8 $2 {[#]} (28... Rf7 {keeps fighting.} 29. Kf1 Qe7) 29. g3 (29. Rxf4 $142 $1 {[%mdl 512]} Raf8 (29... exf4 30. Bxf6+) 30. Rf5) 29... Rxg3 $18 30. Rxg3 fxg3+ 31. Kxg3 Rg8+ 32. Kf2 Qg7 33. Ke1 (33. Qh2 $16) 33... Qg3+ $1 $11 34. Kd1 {[%csl Gh1][%cal Rh5h7]} Qg4+ $1 35. Qxg4 Rxg4 {[%mdl 4096] Endgame KRB-KRB} 36. Rh5 Rg1+ 37. Ke2 Rg2+ 38. Kd1 Kg7 {And now ...Kg6 would win.} 39. Bxe5 Kg6 40. Rf5 Bxe5 41. Rxe5 {Re6+ is the strong threat. KR-KR} h5 {Strongly threatening ...h4.} 42. Rxc5 $2 (42. Re8 $11 Kg7 43. Re7+ Kg6 44. Re8) 42... h4 $19 43. Ke1 h3 {[%mdl 1024] ( -> ...h2). Black has strong compensation.} 44. Kf1 {[#]} Rg4 $2 ({Black should play} 44... Rg3 $1 $19 {aiming for ...h2.} 45. Rc6+ Kg5) 45. Rc8 $2 {[%mdl 8192]} (45. Rc6+ $11 Kg7 46. Kf2 (46. Rxa6 $2 h2 $19)) 45... h2 46. Rh8 Rg1+ 47. Ke2 h1=Q {Black mates.} 48. Rxh1 Rxh1 49. d4 Rh3 {Quite a comeback for Black. Accuracy: White = 65%, Black = 67%.} 0-1

[Event "Silkway Cup"]
[Site "T#646345FIDE"]
[Date "2020.05.26"]
[Round "5"]
[White "AbasovN"]
[Black "Chepaschess"]
[Result "1/2-1/2"]
[WhiteElo "2631"]
[BlackElo "1975"]
[Annotator "TA"]
[PlyCount "85"]
[EventDate "2020.05.26"]
[EventType "swiss (blitz)"]

{[%evp 15,85,8,5,4,19,0,0,0,0,-22,-22,-34,-31,-24,-30,-24,-21,-19,-17,-7,-15,-23,-21,-20,-33,-19,0,0,0,-26,-25,-40,0,0,0,0,0,0,0,-2,0,-2,0,-36,7,6,22,0,0,0,0,0,0,0,0,0,0,0,0,0,0,0,0,0,0,0,0,0,0,0,0,0]} 1. d4 Nf6 2. Nf3 g6 3. c4 Bg7 4. Nc3 d5 5. cxd5 Nxd5 6. Bd2 O-O 7. e4 Nxc3 8. Bxc3 Bg4 9. Be2 {D90: Grünfeld: 4 Nf3 Bg7 sidelines.} Nc6 10. d5 {[#] And now Bxg7 would win.} Bxc3+ 11. bxc3 Bxf3 12. gxf3 Na5 13. h4 c6 14. c4 {[#]} e6 $146 ({Predecessor:} 14... cxd5 15. cxd5 Qd6 16. Qd2 Qe5 17. Rd1 b6 18. h5 Rac8 19. hxg6 fxg6 20. Qh6 Rf7 {½-½ (38) Dhumal,G (2042)-Arushi,K (1590) Delhi 2019}) 15. dxe6 fxe6 16. h5 c5 17. hxg6 hxg6 18. Qc1 {[#] aiming for Qh6.} Qf6 19. Rb1 Rad8 20. Qh6 {[%csl Gh1][%cal Rh6h7]} Rf7 21. Kf1 Nc6 22. Rg1 (22. f4 $5) 22... Ne5 23. Qg5 Rdd7 (23... Kg7 {with more complications.} 24. Qxf6+ Kxf6 25. f4 Nc6 26. Rb3 b6) 24. Qxf6 Rxf6 25. Rg5 Nxf3 26. Bxf3 Rxf3 27. Rxg6+ $11 {[%mdl 4096] Endgame KRR-KRR} Kf7 28. Rh6 b6 {Threatens to win with ...Rd2.} 29. Ke2 Rf6 30. Rh7+ {The position is equal.} Ke8 31. Rh8+ (31. Rbh1 {feels hotter.} Rff7 32. Rxf7 Rxf7 33. Ke3 Rg7 34. Kf4) 31... Rf8 32. Rxf8+ Kxf8 {KR-KR} 33. Rd1 Rh7 34. Rd8+ Ke7 35. Ra8 Kf6 36. Ke3 e5 37. f3 Rd7 38. Rf8+ Ke7 39. Ra8 Ke6 40. Re8+ Kf6 41. Rf8+ Ke7 42. Ra8 Kf6 43. Rf8+ {An uneventful encounter. Accuracy: White = 93%, Black = 92%.} 1/2-1/2

[Event "Silkway Cup"]
[Site "T#646345FIDE"]
[Date "2020.05.26"]
[Round "5"]
[White "muradli mahammad"]
[Black "gul91"]
[Result "1-0"]
[WhiteElo "2533"]
[BlackElo "2037"]
[Annotator "NA"]
[PlyCount "103"]
[EventDate "2020.05.26"]
[EventType "swiss (blitz)"]

1. Nf3 {[%emt 0:00:03]} g6 {[%emt 0:00:03]} 2. c4 {[%emt 0:00:01]} Bg7 {[%emt 0:00:01]} 3. d4 {[%emt 0:00:00]} d6 {[%emt 0:00:01]} 4. Nc3 {[%emt 0:00:01]} Nd7 {[%emt 0:00:01]} 5. e4 {[%emt 0:00:01]} e5 {[%emt 0:00:01]} 6. Be2 {[%emt 0:00:01]} Ne7 {[%emt 0:00:03]} 7. O-O {[%emt 0:00:03]} exd4 {[%emt 0:00:01]} 8. Nxd4 {[%emt 0:00:00]} Nc6 {[%emt 0:00:01]} 9. Be3 {[%emt 0:00:00]} O-O {[%emt 0:00:03]} 10. f3 {[%emt 0:00:06]} a5 {[%emt 0:00:13]} 11. b3 {[%emt 0:00:12]} Nde5 {[%emt 0:00:17]} 12. Qd2 {[%emt 0:00:11]} f5 {[%emt 0:00:12]} 13. exf5 {[%emt 0:00:04]} Nxd4 {[%emt 0:00:01]} 14. Bxd4 {[%emt 0:00:00]} Bxf5 {[%emt 0:00:01]} 15. Rae1 {[%emt 0:00:06]} Qd7 {[%emt 0:00:10]} 16. Nd5 {[%emt 0:00:08]} b6 {[%emt 0:00:09]} 17. f4 {[%emt 0:00:03]} Ng4 {[%emt 0:00:13]} 18. Bxg7 {[%emt 0:00:07]} Qxg7 {[%emt 0:00:02]} 19. Bxg4 {[%emt 0:00:12]} Bxg4 {[%emt 0:00:02]} 20. h3 {[%emt 0:00:01]} Bf5 {[%emt 0:00:28]} 21. g4 {[%emt 0:00:01]} Bc8 {[%emt 0:00:05]} 22. Re7 {[%emt 0:00:02]} Rf7 {[%emt 0:00:09]} 23. Rfe1 {[%emt 0:00:08]} Bb7 {[%emt 0:00:03]} 24. Rxf7 {[%emt 0:00:01]} Qxf7 {[%emt 0:00:02]} 25. Re7 {[%emt 0:00:01]} Bxd5 {[%emt 0:00:14]} 26. Rxf7 {[%emt 0:00:02]} Bxf7 {[%emt 0:00:01]} 27. Qg2 {[%emt 0:00:00]} Re8 {[%emt 0:00:10]} 28. Qb7 {[%emt 0:00:03]} Re7 {[%emt 0:00:01]} 29. Kf2 {[%emt 0:00:01]} Kg7 {[%emt 0:00:05]} 30. Qc8 {[%emt 0:00:09]} Be8 {[%emt 0:00:02]} 31. h4 {[%emt 0:00:11]} Kf7 {[%emt 0:00:11]} 32. h5 {[%emt 0:00:04]} gxh5 {[%emt 0:00:01]} 33. Qf5+ {[%emt 0:00:06]} Kg8 {[%emt 0:00:07]} 34. gxh5 {[%emt 0:00:03]} Rf7 {[%emt 0:00:03]} 35. Qg5+ {[%emt 0:00:20]} Rg7 {[%emt 0:00:07]} 36. Qd8 {[%emt 0:00:02]} Kf8 {[%emt 0:00:01]} 37. h6 {[%emt 0:00:08]} Rf7 {[%emt 0:00:14] muradli mahammad reconnected.} 38. Kg3 {[%emt 0:00:01]} Rd7 {[%emt 0:00:04]} 39. Qg5 {[%emt 0:00:05]} Rf7 {[%emt 0:00:08]} 40. f5 {[%emt 0:00:01]} b5 {[%emt 0:00:04]} 41. cxb5 {[%emt 0:00:13]} Bxb5 {[%emt 0:00:01]} 42. Qd8+ {[%emt 0:00:00]} Be8 {[%emt 0:00:01]} 43. Kf4 {[%emt 0:00:00]} Rd7 {[%emt 0:00:06]} 44. Qa8 {[%emt 0:00:01]} d5 {[%emt 0:00:02]} 45. Qxa5 {[%emt 0:00:03]} d4 {[%emt 0:00:01]} 46. Qc5+ {[%emt 0:00:09]} Kf7 {[%emt 0:00:03]} 47. Qe5 {[%emt 0:00:01]} Kf8 {[%emt 0:00:10]} 48. Qh8+ {[%emt 0:00:02]} Ke7 {[%emt 0:00:01]} 49. Qxh7+ {[%emt 0:00:00]} Kd8 {[%emt 0:00:01]} 50. Qg8 {[%emt 0:00:03]} d3 {[%emt 0:00:02]} 51. h7 {[%emt 0:00:01]} d2 {[%emt 0:00:01]} 52. h8=Q {[%emt 0:00:01] gul91 resigns (Lag: Av=0.44s, max=0.7s)} 1-0

[Event "Silkway Cup"]
[Site "T#646345FIDE"]
[Date "2020.05.26"]
[Round "5"]
[White "Oligarkh"]
[Black "GadimbayliA"]
[Result "1/2-1/2"]
[WhiteElo "2494"]
[BlackElo "2496"]
[Annotator "TA"]
[PlyCount "64"]
[EventDate "2020.05.26"]
[EventType "swiss (blitz)"]

{[%evp 9,64,0,0,0,0,0,0,0,9,-38,10,6,42,50,30,0,26,0,52,46,69,79,85,75,67,-16,-10,-91,-89,-91,-89,-143,-143,-143,-136,-359,0,0,0,0,0,-5,0,-48,-43,-40,-6,-38,-42,-115,-69,-71,0,-105,0,-56,0]} 1. d4 d5 2. c4 e5 3. dxe5 d4 4. Nf3 Nc6 5. Na3 {[#]} Bb4+ $146 ({Predecessor:} 5... Nge7 6. Nc2 Nf5 7. e4 Nh4 8. Nfxd4 Nxe5 9. Bf4 Bd6 10. Bg3 Qe7 11. Qh5 Nhg6 12. Be2 Bb4+ {1-0 (29) Jobava,B (2702)-Morozevich,A (2676) Doha 2016}) 6. Bd2 {D08: Albin Counter Gambit.} Bxa3 7. bxa3 Nge7 8. g3 {The position is equal.} Ng6 9. Bf4 Be6 10. Bg2 Nxf4 11. gxf4 Bxc4 12. O-O O-O 13. Rc1 Bxa2 (13... Ba6 $11) 14. Qc2 $14 Bd5 15. Rfd1 $1 Bxf3 16. Bxf3 Qh4 17. Qd2 (17. Bxc6 $14 bxc6 18. Rxd4) 17... Rad8 $11 18. Rb1 (18. Rc4 $11 {remains equal.}) 18... Ne7 $17 {[%cal Bc6e7,Be7g6,Bg6f4][%mdl 32]} 19. Rxb7 Ng6 20. Rxa7 (20. Rxc7 $142 Nxf4 21. Kh1) 20... Nxf4 {...Nh3+ is the strong threat.} 21. Rxc7 {[#]} d3 $1 {[%cal Rd3e2]} 22. e3 $2 {[#]} (22. exd3 $17 Rxd3 23. Qxd3 Nxd3 24. Rxd3) 22... Qh3 $2 ({Black should play} 22... Nh3+ $1 $19 23. Kg2 Rde8) 23. exf4 $11 Qxf3 24. Rc3 Qg4+ 25. Kf1 Qh3+ 26. Ke1 {[%cal Rc3d3]} Qxh2 {[%cal Rh2h1]} 27. Qe3 Qh1+ 28. Kd2 Qg2 {Threatens to win with ...Rb8.} 29. Qg3 (29. Ke1 $15) 29... Qe4 30. Qe3 $1 {[%cal Re3e4]} Qg2 31. Qg3 Qe4 32. Qe3 $1 {[%cal Re3e4]} Qg2 {Accuracy: White = 60%, Black = 71%.} ({Better is} 32... Qa4 $15 33. Rb1 h5) 1/2-1/2

[Event "Silkway Cup"]
[Site "T#646345FIDE"]
[Date "2020.05.26"]
[Round "5"]
[White "Belusi"]
[Black "Maghala77"]
[Result "0-1"]
[WhiteElo "2470"]
[BlackElo "2144"]
[Annotator "NA"]
[PlyCount "68"]
[EventDate "2020.05.26"]
[EventType "swiss (blitz)"]

1. d4 {[%emt 0:00:03]} Nf6 {[%emt 0:00:01]} 2. c4 {[%emt 0:00:01]} c5 {[%emt 0:00:01]} 3. d5 {[%emt 0:00:02]} g6 {[%emt 0:00:00]} 4. Nc3 {[%emt 0:00:01]} Bg7 {[%emt 0:00:00]} 5. Nf3 {[%emt 0:00:01]} O-O {[%emt 0:00:00]} 6. e4 {[%emt 0:00:01]} e6 {[%emt 0:00:01]} 7. Bd3 {[%emt 0:00:03]} exd5 {[%emt 0:00:01]} 8. cxd5 {[%emt 0:00:01]} d6 {[%emt 0:00:02]} 9. h3 {[%emt 0:00:02]} Na6 {[%emt 0:00:01]} 10. O-O {[%emt 0:00:03]} Re8 {[%emt 0:00:03]} 11. Re1 {[%emt 0:00:03]} Rb8 {[%emt 0:00:01]} 12. Bf4 {[%emt 0:00:12]} Nc7 {[%emt 0:00:02]} 13. a4 {[%emt 0:00:04]} a6 {[%emt 0:00:02]} 14. a5 {[%emt 0:00:02]} b5 {[%emt 0:00:01]} 15. axb6 {[%emt 0:00:03]} Rxb6 {[%emt 0:00:01]} 16. Qd2 {[%emt 0:00:01]} Nb5 {[%emt 0:00:05]} 17. Nxb5 {[%emt 0:00:12]} axb5 {[%emt 0:00:02]} 18. Ra8 {[%emt 0:00:01]} Qc7 {[%emt 0:00:16]} 19. b4 {[%emt 0:00:08]} Nd7 {[%emt 0:00:26]} 20. Rc1 {[%emt 0:00:14]} c4 {[%emt 0:00:13]} 21. Bc2 {[%emt 0:00:03]} Ra6 {[%emt 0:00:10]} 22. Rxa6 {[%emt 0:00:08]} Bxa6 {[%emt 0:00:00]} 23. Nd4 {[%emt 0:00:13]} c3 {[%emt 0:00:08]} 24. Qd1 {[%emt 0:00:16]} Nf6 {[%emt 0:00:17]} 25. Qf3 {[%emt 0:00:15]} Nxd5 {[%emt 0:00:07]} 26. Nxb5 {[%emt 0:00:23]} Bxb5 {[%emt 0:00:06]} 27. exd5 {[%emt 0:00:01]} Qb6 {[%emt 0:00:35]} 28. Be3 {[%emt 0:00:06]} Qa6 {[%emt 0:00:05]} 29. Qf4 {[%emt 0:00:29]} Qa3 {[%emt 0:00:16]} 30. Rb1 {[%emt 0:00:26]} Qa2 {[%emt 0:00:01]} 31. Rc1 {[%emt 0:00:08]} Qxd5 {[%emt 0:00:27]} 32. Rd1 {[%emt 0:00:04]} Qa2 {[%emt 0:00:05]} 33. Bd3 {[%emt 0:00:06]} Bxd3 {[%emt 0:00:04]} 34. Rxd3 {[%emt 0:00:00]} Qb1+ {[%emt 0:00:01] Belusi resigns (Lag: Av=0.72s, max=2.5s)} 0-1

[Event "Silkway Cup"]
[Site "T#646345FIDE"]
[Date "2020.05.26"]
[Round "5"]
[White "Sadikhov_Ulvi"]
[Black "Eltaj Safarli"]
[Result "1-0"]
[WhiteElo "2290"]
[BlackElo "2779"]
[Annotator "TA"]
[PlyCount "82"]
[EventDate "2020.05.26"]
[EventType "swiss (blitz)"]

{[%evp 11,82,13,8,0,0,0,35,-32,-14,-20,-10,0,-10,-50,-56,-43,-50,-59,-45,-172,0,-39,-27,-36,-33,-29,-32,-28,0,-12,1,-11,0,-1,29,0,29,28,41,30,135,127,114,89,100,102,122,131,134,101,227,216,248,236,292,301,293,293,461,461,458,444,439,426,412,403,605,566,561,541,835,797,2910]} 1. e4 e5 2. Nf3 Nc6 3. Bc4 Bc5 4. c3 Nf6 5. d3 h6 6. Bb3 d6 7. Nbd2 {C54: Giuoco Piano: 4 c3 Nf6, main lines with 5 d4 and 5 d3.} O-O 8. h3 Be6 {has lost popularity (8...a5).} 9. Nf1 (9. Bxe6 $14 fxe6 10. b4) 9... d5 10. Qe2 Re8 11. Ng3 {[#]} Na5 $146 ({Predecessor:} 11... a6 12. Nh2 Qd7 13. Qf3 Rad8 14. Bc2 dxe4 15. dxe4 Bc4 16. a3 Re6 17. Nf5 Ne7 {0-1 (27) Udeshi,A (2444)-Ter Sahakyan,S (2568) Chennai 2013}) 12. Ba4 {[#]} dxe4 $1 {[%mdl 512]} 13. dxe4 Bc4 14. Qd2 {Black must now prevent Qxd8.} b5 15. Bc2 (15. Bd1 $15 Bb6 16. Be2) 15... Nc6 $2 (15... Qb8 $1 $19 {And now ...Rd8 would win.} 16. Bd3 Bxf2+ $1 {[%mdl 576] Deflection} 17. Qxf2 (17. Kxf2 $2 Qb6+ 18. Qe3 Bxd3 $19) 17... Bxd3 18. Bxh6 Nxe4 19. Nxe4 Bxe4) 16. Nf5 Qxd2+ (16... Be6 {with more complications.} 17. Ne3 Qxd2+ 18. Bxd2 Red8 19. O-O a5) 17. Nxd2 Be6 $1 18. Nb3 Bb6 19. Be3 Bxf5 20. exf5 e4 21. Ke2 Bxe3 22. fxe3 h5 23. Nd4 Nxd4+ (23... Ne5 {is interesting.} 24. a4 a6 25. axb5 axb5 26. b4 c6) 24. cxd4 h4 25. Rhc1 Nh5 (25... c5 $11) 26. Bb3 $16 Ng3+ 27. Kf2 Re7 28. Rc5 a6 {[#]} 29. Rac1 $1 Ra7 30. Rd5 Kh7 {[#]} (30... Rb7 $16) 31. Rc6 $1 $18 Ra8 32. f6 Re6 33. Rxe6 ({Stronger than} 33. Rxc7 Rxf6+ 34. Ke1 Rf1+ 35. Kd2 Rf2+ 36. Kc3 Rf8 $11) 33... fxe6 {[%mdl 4096] Endgame KRB-KRN} 34. Rd7 $1 {[%csl LRc7,LRe6,LRg7][%mdl 64] Double Attack, Discovered Attack} Rf8 (34... Kg6 $142 35. fxg7 Rg8) 35. f7 Kg6 36. Bxe6 Kf6 37. Bb3 Nf5 38. Rxc7 g5 (38... a5 $142 39. Rc6+ Ke7) 39. Rc6+ {White is clearly winning.} Kg7 40. Rxa6 Rc8 41. Re6 {Intending Re8 and mate.} Ng3 {Accuracy: White = 70%, Black = 55%.} 1-0

[Event "Silkway Cup"]
[Site "T#646345FIDE"]
[Date "2020.05.26"]
[Round "5"]
[White "MammadyarovaZ"]
[Black "Massapi"]
[Result "0-1"]
[WhiteElo "2035"]
[BlackElo "2573"]
[Annotator "TA"]
[PlyCount "122"]
[EventDate "2020.05.26"]
[EventType "swiss (blitz)"]

{[%evp 16,122,27,15,35,16,6,14,13,0,0,4,25,-12,0,0,-6,-9,0,-11,-6,-18,0,-20,-17,-19,-6,-15,16,-12,19,-10,-18,-16,-16,-34,0,-18,17,-17,-20,-95,-95,-95,-95,-95,-102,-97,0,0,0,-8,0,0,0,0,0,0,0,0,0,0,0,0,86,0,1035,0,0,0,0,0,0,0,0,0,0,0,0,0,0,0,0,0,0,0,0,0,0,-29950,0,-29966,-29967,-29979,-29980,-29980,-29981,-29981,-29982,-29985,-29986,-29988,-29989,-29989,-29988,-29988,-29988,-29988,-29989]} 1. d4 Nf6 2. Nf3 g6 3. e3 Bg7 4. Be2 O-O 5. O-O d6 6. b3 c5 7. Bb2 cxd4 8. Nxd4 Nc6 9. c4 Bd7 {E60: King's Indian: Unusual lines and Fianchetto Variation without Nc3.} 10. Bf3 Rc8 11. Nc3 a6 {The position is equal.} 12. Nd5 Nxd5 13. Bxd5 Qb6 14. Nxc6 bxc6 15. Bxg7 Kxg7 16. Bf3 c5 {[#]} 17. Qd2 $146 ({Predecessor:} 17. Qc2 a5 18. Qe4 Rfe8 19. Qb7 Qxb7 20. Bxb7 Rb8 21. Be4 Bf5 22. Bxf5 gxf5 23. Rfb1 {0-1 (60) Radomir,M-Novak,J (2111) Rogaska Slatina 2002}) 17... a5 18. Qc3+ Kg8 19. h3 Rc7 20. Rab1 Rb8 21. h4 Qb4 22. Qb2 h5 23. a3 Qb6 {Black wants to play ...a4.} 24. Qc3 Bc6 25. Bxc6 Rxc6 26. Rb2 Qa7 27. Rfb1 Rcb6 28. b4 (28. f3 $11) 28... axb4 29. axb4 cxb4 30. Rxb4 Rxb4 31. Rxb4 $17 {[%mdl 4096] Endgame KQR-KQR} Rc8 (31... Rxb4 $17 32. Qxb4 Qa1+ 33. Kh2 Qf6) 32. Qb2 $11 Qc5 33. g3 Qc6 34. Rb7 e6 35. Rb4 Qc5 36. Qd2 e5 37. Rb7 Qc6 38. Ra7 Qxc4 39. Qxd6 Qe2 (39... Qe4 $11 {remains equal.} 40. Rc7 Ra8) 40. Ra1 (40. Qxe5 {is a self mate.} Rc1+ 41. Kg2 Qf1+ 42. Kf3 Qd1+ 43. Ke4 f5+ 44. Qxf5 gxf5+ 45. Ke5 Rc5+ 46. Ke6 Rc6+ 47. Ke5 Qd6+ 48. Kxf5 Qd5+ 49. Kf4 Rf6#) ({White should play} 40. Qf6 $16 Qd1+ 41. Kh2) 40... Rc2 $2 {[%mdl 8192]} (40... Qb2 $11 41. Rd1 Kg7) 41. Rf1 $2 (41. Ra8+ $1 $18 Kh7 42. Qf6 Qd1+ 43. Kh2 $1 {[%mdl 512]} Rxf2+ 44. Qxf2) 41... e4 42. Qb8+ Kh7 43. Qe5 Qf3 44. Qf4 Qxf4 45. exf4 {KR-KR} f5 46. Re1 Rb2 47. Kf1 Kg7 48. Re2 Rb1+ (48... Rb8 {keeps more tension.} 49. Re1 Kf6 50. Rc1 Rb2 51. Rc6+ Kf7) 49. Re1 Rxe1+ 50. Kxe1 {KP-KP} Kf6 51. Ke2 Ke6 52. Kd2 $2 {[%mdl 8192] [#]} (52. Ke1 $11) 52... Kd5 $2 (52... Kd6 $1 {mates} 53. Kc2 Kc6 54. Kd2 Kb5 55. Ke3 Kc5 56. Ke2 Kc4 57. Ke3 Kc3 58. Ke2 Kc2 59. f3 exf3+ 60. Kf2 Kd2 61. Kxf3 Ke1 62. Ke3 Kf1 63. Kd4 Kf2 64. g4 hxg4 65. Ke5 Kf3 66. Kf6 Kxf4 67. Kxg6 g3 68. h5 g2 69. Kf6 g1=Q 70. Ke6 Kg4 71. Kf6 f4 72. h6 f3 73. h7 Qd4+ 74. Ke7 f2 75. h8=Q Qxh8 76. Kd7 f1=Q 77. Kd6 Qa6+ 78. Kd5 Qd8+ 79. Ke5 Qe2#) 53. Ke3 $2 {[%mdl 8192]} (53. Kd1 $11) 53... Kc4 {Black mates.} 54. f3 Kd5 55. Ke2 Kd4 56. fxe4 fxe4 {K3P-K3P} 57. Kd2 {[#]} e3+ $1 58. Ke2 Ke4 59. Kf1 Kf3 60. Ke1 Kxg3 61. Ke2 Kxf4 {Quite a comeback for Black. Accuracy: White = 77%, Black = 81%.} 0-1

[Event "Silkway Cup"]
[Site "T#646345FIDE"]
[Date "2020.05.26"]
[Round "5"]
[White "VugarAsadli"]
[Black "NIKiler"]
[Result "1-0"]
[WhiteElo "1892"]
[BlackElo "1725"]
[Annotator "NA"]
[PlyCount "77"]
[EventDate "2020.05.26"]
[EventType "swiss (blitz)"]

1. e4 {[%emt 0:00:04]} c6 {[%emt 0:00:01]} 2. Nf3 {[%emt 0:00:04]} d5 {[%emt 0:00:01]} 3. exd5 {[%emt 0:00:00]} cxd5 {[%emt 0:00:00]} 4. c4 {[%emt 0:00:01]} Nf6 {[%emt 0:00:03]} 5. cxd5 {[%emt 0:00:01]} Nxd5 {[%emt 0:00:01]} 6. Nc3 {[%emt 0:00:00]} Nc6 {[%emt 0:00:02]} 7. Bb5 {[%emt 0:00:01]} g6 {[%emt 0:00:28]} 8. Qa4 {[%emt 0:00:39]} Nb6 {[%emt 0:00:07]} 9. Bxc6+ {[%emt 0:00:07]} bxc6 {[%emt 0:00:00]} 10. Qxc6+ {[%emt 0:00:02]} Bd7 {[%emt 0:00:01]} 11. Qc5 {[%emt 0:00:06]} Rc8 {[%emt 0:00:07]} 12. Qe5 {[%emt 0:00:07]} f6 {[%emt 0:00:02]} 13. Qe2 {[%emt 0:00:02]} Bg7 {[%emt 0:00:03]} 14. O-O {[%emt 0:00:02]} O-O {[%emt 0:00:05]} 15. d4 {[%emt 0:00:02]} Kh8 {[%emt 0:00:05]} 16. Re1 {[%emt 0:00:03]} Re8 {[%emt 0:00:02] VugarAsadli reconnected.} 17. Bf4 {[%emt 0:00:04]} Bc6 {[%emt 0:00:04]} 18. Rad1 {[%emt 0:00:02]} Nd5 {[%emt 0:00:03]} 19. Bd2 {[%emt 0:00:07]} Nxc3 {[%emt 0:00:08]} 20. Bxc3 {[%emt 0:00:03]} Bd5 {[%emt 0:00:08]} 21. a3 {[%emt 0:00:01]} Qd6 {[%emt 0:00:06]} 22. Nd2 {[%emt 0:00:04]} Qc6 {[%emt 0:00:03]} 23. f3 {[%emt 0:00:12]} f5 {[%emt 0:00:01]} 24. Nf1 {[%emt 0:00:08]} Bc4 {[%emt 0:00:13]} 25. Qf2 {[%emt 0:00:07]} Rcd8 {[%emt 0:00:05]} 26. Ne3 {[%emt 0:00:03]} Bb3 {[%emt 0:00:01]} 27. Rd2 {[%emt 0:00:14]} Qb6 {[%emt 0:00:09]} 28. f4 {[%emt 0:00:11]} e6 {[%emt 0:00:02]} 29. h4 {[%emt 0:00:08]} Rd7 {[%emt 0:00:05]} 30. h5 {[%emt 0:00:01]} gxh5 {[%emt 0:00:00]} 31. Qh4 {[%emt 0:00:03]} Red8 {[%emt 0:00:08]} 32. Qxh5 {[%emt 0:00:01]} Bxd4 {[%emt 0:00:38]} 33. Rxd4 {[%emt 0:00:05]} Rxd4 {[%emt 0:00:01]} 34. Nxf5 {[%emt 0:00:40]} exf5 {[%emt 0:00:07]} 35. Re8+ {[%emt 0:00:21]} Rxe8 {[%emt 0:00:13]} 36. Qxe8+ {[%emt 0:00:00]} Kg7 {[%emt 0:00:18]} 37. Qd7+ {[%emt 0:00:02]} Kg6 {[%emt 0:00:12]} 38. Bxd4 {[%emt 0:00:00]} Be6 {[%emt 0:00:23]} 39. Qg7+ {[%emt 0:00:02] NIKiler resigns (Lag: Av=0.39s, max=0.8s)} 1-0

[Event "Silkway Cup"]
[Site "T#646345FIDE"]
[Date "2020.05.26"]
[Round "5"]
[White "NikaVolkov"]
[Black "EXpresident"]
[Result "1/2-1/2"]
[WhiteElo "1866"]
[BlackElo "2681"]
[Annotator "TA"]
[PlyCount "117"]
[EventDate "2020.05.26"]
[EventType "swiss (blitz)"]

{[%evp 15,117,-27,0,-18,-12,-31,-18,-34,-35,-43,-31,-52,-47,-76,-41,-46,27,28,30,25,24,15,25,34,25,41,132,131,135,86,95,106,99,89,99,83,78,84,74,86,79,0,112,92,120,114,105,83,127,115,120,-37,104,14,22,22,22,22,80,19,78,17,43,12,198,194,285,368,352,348,308,273,387,303,527,520,364,0,0,-8,-8,-8,0,0,0,0,0,0,0,0,8,0,0,0,0,0,0,-8,-8,-8,-8,-8,0,-8]} 1. d4 Nf6 2. c4 g6 3. Nc3 d5 4. Nf3 Bg7 5. e3 O-O 6. Be2 c5 7. O-O cxd4 8. Nxd4 Nc6 9. cxd5 {A35: Symmetrical English: 2 Nc3 Nc6 3 Nf3.} Nxd5 10. Bf3 {10.Nxc6 is becoming the main line.} Nxc3 11. bxc3 Ne5 12. Be4 a6 13. Rb1 Qc7 14. Qb3 Nc4 (14... Ng4 {feels hotter.} 15. g3 e5 16. Ne2 Rd8 17. Ba3 Nf6) 15. Bd5 Nd6 ({Better is} 15... Na5 $15 16. Qb6 Qxb6 17. Rxb6 Rd8) 16. Ba3 $11 e6 17. Bxe6 fxe6 18. Nxe6 Bxe6 19. Qxe6+ {[%mdl 64] Double Attack} Nf7 {And now ...Rfe8 would win.} 20. Bxf8 Rxf8 ({Black should play} 20... Bxf8 $14 21. Rfd1 Bd6) 21. Rfd1 $1 $16 Bxc3 22. Rd7 Qc6 23. Qxc6 bxc6 24. Rc7 Ne5 25. Rb3 {[%mdl 1024] White has strong compensation.} Ba5 26. Re7 Nf7 27. Rbb7 c5 {[#]} 28. Ra7 (28. Kf1 $1 $16) 28... Bd8 (28... c4 $1 $11) 29. Reb7 a5 {[#]} 30. f4 $1 c4 {next ...c3 is good for Black.} 31. Kf1 c3 {Black wants to play ...c2.} 32. Ke2 Bf6 33. Kd1 $2 (33. Rd7 $16) 33... Rd8+ (33... Nd6 $15 34. Rxh7 Nc4) 34. Kc1 (34. Rd7 $16) 34... Nd6 35. Rd7 Rxd7 36. Rxd7 Ne4 (36... Nf5 $11 {remains equal.}) 37. g4 (37. Kc2 $16) 37... g5 (37... Nd2 $11) 38. Kc2 ({White should try} 38. Rd5 $16) 38... h6 39. Ra7 Nd6 $2 (39... Nf2 $11) 40. Ra6 $18 ({Stronger than} 40. Rxa5 Nc4 $14) 40... Ne8 (40... Be7 $142 41. h3 (41. Rxa5 Nc4 $16) (41. Kxc3 Ne4+ 42. Kd4 Nf2 $16) 41... Nc4 42. Kxc3 Nxe3 43. fxg5 Bxg5 44. Rxa5 Kf7) 41. Rxa5 gxf4 42. exf4 Kf7 43. Ra6 Bd4 (43... Ke7 $142 44. h4 Nc7) 44. h4 Nc7 $2 (44... Be3 {was necessary.} 45. Rxh6 Bxf4) 45. Rd6 Nb5 46. Rd5 $2 (46. Rxh6 $18 Na3+ 47. Kd3) 46... Na3+ $11 {The position is equal.} 47. Kb3 c2 48. Rd7+ Ke6 49. Rc7 Be3 50. f5+ Kd6 51. Rxc2 $1 Nxc2 52. Kxc2 {[%mdl 4096] Endgame KB-KP} Bf2 53. g5 h5 54. g6 {Strongly threatening g7.} Ke7 55. Kd3 Bxh4 56. Ke4 Kf6 57. a4 Be1 58. Kf3 Ba5 59. Kg2 {White really could win this. Accuracy: White = 70%, Black = 54%.} 1/2-1/2